Trouvez le film grâce aux répliques #3 - Statistiques

Statistiques générales
  • Ce quiz a été pris 471 fois
    419 depuis la dernière actualisation
  • Le résultat moyen est 12 sur 30
Statistiques - réponses
Réplique Film Réalisateur % Correct
J'tai cassé ! Brice de Nice James Huth
89%
- Il s'appelle Juste Leblanc.- Ah bon, il a pas de prénom ? Le dîner de cons Francis Veber
83%
Pas de bras, pas de chocolat ! Intouchables Olivier Nakache, Eric Toledano
79%
Oublie que t'as aucune chance, vas-y, fonce ! On sait jamais, sur un malentendu ça peut passer. Les bronzés font du ski Patrice Leconte
71%
On n'appelle pas son fils Adolphe ! Le prénom Alexandre de la Palletière, Matthieu Delaporte
69%
Supercalifragilisticexpialidocious ! Mary Poppins Robert Stevenson
65%
Thérèse n'est pas moche... Elle n'a pas un physique facile, c'est différent Le père Noël est une ordure Jean-Marie Poiré
62%
Ce n'est qu'un lapin avec une veste... Et une montre ! Alice au pays des merveilles Clyde Géronimi, Wilfried Jackson, Hamilton Luske
57%
On ne laisse pas bébé dans un coin. Dirty Dancing Emile Ardolino
57%
Cette femme mérite sa vengeance et nous méritons de mourir. Kill Bill, vol. 2 Quentin Tarantino
56%
J'ai glissé, chef ! Mais où est donc passée la septième compagnie ? Robert Lamoureux
52%
Elle va marcher beaucoup moins bien maintenant ! Le corniaud Gérard Oury
45%
Ce sang, tout ce sang ! Psychose Alfred Hitchcock
43%
Messieurs, vous piquiez ma curiosité, maintenant vous avez toute mon attention. Django Unchained Quentin Tarantino
40%
On est bien mieux au fond. C'est là qu'il faut être... Pousse-moi pour que j'y retourne, Jacques, amène-moi au fond, je t'en prie, Jack. Le grand bleu Luc Besson
38%
C'est la police, ici, ferme-la ta gueule ! Polisse Maïwenn
35%
Ce que tu sais, ce que tu sais pas, j'en ai rien à foutre. De tout façon j'ai décidé de te torturer. Reservoir Dogs Quentin Tarantino
34%
J'ai le sentiment d'avoir toujours été un insecte qui rêva un jour d'être un humain. La mouche David Cronenberg
31%
Tu obtiens quoi si tu croises un aliéné mental solitaire avec une société qui l'abandonne dans son coin comme de la merde ? Je vais te dire, moi ce que tu obtiens ! Tu obtiens ce que tu mérites, enculé ! Joker Todd Philips
30%
C'est un oiseau ? C'est un avion ? Superman Richard Donner
29%
Je ne suis pas un animal ! Je suis un être humain ! Elephant man David Lynch
28%
Il est vivant ! Il est vivant ! Frankenstein James Whale
26%
Réponse D : c'était écrit. Slumdog Millionaire Danny Boyle
20%
Je suis pas mauvaise. J'ai juste été dessinée comme ça. Qui veut la peau de Roger Rabbit ? Robert Zemeckis
15%
Bah vous avez qu'à pas mater mon cul ! Persepolis Marjane Satrapi
14%
Il paraît que les gens ne croient plus aux héros. Mad Max George Miller
12%
On est venu, on l'a vu et il l'a eu dans le cul ! SOS fantômes Ivan Reitman
9%
Franchement, ma chère c'est le cadet de mes soucis. Autant en emporte le vent Victor Fleming
8%
J'en prendrai pour un dollar. Robocop Paul Verhoeven
8%
Quand les gens de 130 kilos disent certaines choses, ceux de soixante kilos les écoutent. Cent mille dollars au soleil Henri Verneuil
4%
Aucun quiz correspondant
Distribution des résultats
% des personnes avec chaque résultat
Percentile par nombre de réponses
Votre historique - résultats
Vous n’avez pas pris ce quiz depuis la dernière actualisation